|
|
|
|
| LEADER |
00000cam a2200000 7i4500 |
| 001 |
0000003326 |
| 002 |
000003589 |
| 005 |
20060207.0 |
| 020 |
|
|
|a 9676525626
|
| 090 |
0 |
0 |
|a 912
|b MID
|
| 100 |
1 |
|
|a Middleton, Nick
|f Dr
|
| 245 |
1 |
0 |
|a Atlas isu persekitaran
|c Dr.Nick Middleton ; illustrasi oleh Steve Wetson dan John Downes
|
| 260 |
|
|
|a Kuala Lumpur :
|b Fajar Bakti ,
|c 1993
|
| 300 |
|
|
|a 63p. :
|b ill. ;
|c 32cm.
|
| 490 |
0 |
|
|a Siri atlas isu
|
| 650 |
0 |
0 |
|a Envivonment
|x Atlases
|
| 700 |
1 |
|
|a Weston, Steve ,
|e illustrasi
|
| 999 |
|
|
|a 029495
|b BUKU
|c JUNIOR BOOKS
|e PERPUSTAKAAN KOMUNITI CAW KOTA DAMANSARA
|